[Event "FIDE World Cup"]
[Site "Khanty-Mansiysk"]
[Date "2005.12.01"]
[Round "2.2"]
[White "Shulman, Yuri"]
[Black "Khalifman, Alexander"]
[Result "1-0"]
[WhiteElo "2565"]
[BlackElo "2653"]
[Annotator "Gavrikov,V"]
[PlyCount "71"]
[EventDate "2005.11.27"]
[EventType "k.o."]
[EventRounds "7"]
[EventCountry "RUS"]
[SourceTitle "CBM 111"]
[Source "ChessBase"]
[SourceDate "2006.04.04"]
[SourceVersion "1"]
[SourceVersionDate "2006.04.04"]
[SourceQuality "1"]

1. d4 Nf6 2. c4 e6 3. Nc3 Bb4 4. e3 c5 5. Nge2 cxd4 6. exd4 O-O 7. a3 Be7 8. d5
({Not dangerous for Black is the line} 8. Nf4 d5 9. cxd5 Nxd5 10. Ncxd5 exd5
11. Bd3 Nc6 12. O-O Bf6 13. Be3 g6 $11) 8... exd5 9. cxd5 Bc5 {Another move
with the same piece in the opening is often not a good sign.} ({More popular
continuation is} 9... Re8 {after which the pawn sacrifice} 10. d6 $5 (10. g3
$143 Bc5 11. Bg2 d6 12. h3 a6 13. O-O Nbd7 14. Nd4 Ne5 15. Kh1 Bd7 16. b3 h6
17. Bb2 Rc8 18. Nce2 a5 $5 19. Rc1 Qb6 {/\ Qa6, 1/2-1/2 Alterman,B-Yu Shaoteng/
Beijing 1995/EXT 97 (53)}) 10... Bf8 11. g3 {leads to the approximately equal
play,for example:} Re6 12. Bf4 ({similar is} 12. Bg2 Rxd6 13. Qc2 Re6 14. O-O
Nc6 15. b4 d6 16. Bb2 {1-0 Bronstein,D-Zhukhovitsky,S/Yerevan 1981/EXT 2002 
(54)} Re8 $13) 12... Nh5 13. Be3 Rxd6 14. Qc2 Re6 15. Bg2 Nf6 16. O-O Nc6 17.
Rad1 d6 18. Nd4 Nxd4 19. Bxd4 a6 20. Rc1 Rb8 {1/2-1/2 Brodsky,M-Kiriakov,P/
Sochi 2005/CBM 107 (20)} 21. Ba7 Ra8 22. Bd4 $11) 10. Na4 ({In my opinion a
better choice for White is} 10. b4 Bb6 11. Na4 Re8 12. Nxb6 axb6 13. h3 $5 (13.
d6 b5 $5 14. g3 Ne4 15. Be3 Ra6 $132 {0-1 Acosta,T-Bielicki,C/Buenos Aires
1986/EXT 2001 (48)}) (13. g3 d6 14. Bg2 Bg4 15. Be3 (15. f3 Bd7) 15... Nbd7 16.
h3 Bf5 17. O-O Rc8 18. Ra2 {0-1 Miles,A-Adorjan,A/Wijk aan Zee 1984/MCL(56)}
Be4 $1 $132) 13... d6 (13... Re5 $6 14. Bb2 Rxd5 15. Qc2 Nc6 {[#]} 16. g4 $36 {
1-0 Malaniuk,V-Tunik,G/Yalta 1996/EXT 98 (38)}) 14. Be3 Bf5 15. Ng3 Be4 {
1-0 Kunz,K-Dankert,P/Wuerzburg 1996/EXT 99 (53)} (15... Bg6 16. Bc4 {1-0
Guliev,S-Papaioannou,I/Agios Nikolaos 1995/EXT 98 (42)}) {and now deserved
attention} 16. Bb5 $1 Nbd7 17. Nxe4 Nxe4 18. Qd3 $14) 10... b6 ({A solid
alternative is} 10... d6 11. Nec3 a6 12. Nxc5 dxc5 13. Be2 b5 14. O-O Bb7 15.
Bf3 Nbd7 $132 {0-1 Shulman,Y-Engqvist,T/Stockholm 1996/CBM 057 ext (40)}) 11.
b4 (11. Nxc5 bxc5 12. Nc3 Re8+ 13. Be2 Ba6 14. O-O Bxe2 15. Nxe2 Qb6 16. Nc3 d6
17. Rb1 Nbd7 $11 {0-1 Gallego Jimenez,V-Lalic,B/Benasque 1996/CBM 053 ext (26)}
) 11... Bd6 12. Nec3 Be5 13. Be2 ({Earlier Shulman tried} 13. Be3 Re8 14. Be2
Ba6 15. Rc1 Bxe2 16. Qxe2 d6 17. O-O Nbd7 $11 {[#]. 1/2-1/2 Shulman,Y-Ulibin,M/
Gothenburg 1999/CBM 069 (25)}) 13... Ba6 14. Ra2 Qc7 $5 $146 ({An interesting
novelty instead of} 14... Bxe2 15. Rxe2 d6 16. O-O Nbd7 17. Nb5 a6 {1/2-1/2
Gual Pascual,A-Berzinsh,R/Barcelona 2000/EXT 2001 (17)}) 15. Rc2 Bxc3+ $2 {
This exchange is wrong.} ({Also dubious was} 15... Qd6 $6 16. g3 Re8 17. O-O
Bxe2 18. Rxe2 Na6 19. Rfe1 Nc7 $140 20. Rxe5 Rxe5 21. Rxe5 Qxe5 22. Bf4 Qf5 23.
Bxc7 $16) ({but} 15... Rc8 $1 16. Bb2 Bxe2 17. Rxe2 d6 18. O-O Qc4 19. Rfe1
Nbd7 $1 {[%cal Gb6b5]} (19... b5 20. Ne4 bxa4 21. Bxe5 dxe5 22. Nd6 Qc7 23.
Nxc8 Qxc8 24. Rxe5 Nbd7 $13) 20. Ne4 Nxe4 (20... Qxd5 $143 21. Rd2) 21. Rxe4
Qc2 {allowed Black to obtain a pleasant ending.}) 16. Nxc3 Bxe2 17. Nxe2 $5 ({
White could also continue} 17. Qxe2 Rc8 18. O-O {with the idea} Nxd5 $2 (18...
d6 $14) 19. Re1 $1 Nf6 20. Bg5 $16) 17... Qe5 18. O-O Qxd5 (18... Nxd5 19. Bb2
$36) 19. Rd2 Qf5 ({Or} 19... Qe6 20. Ng3 (20. Rd6 Qe5 21. f4 Qe7 22. Ng3 $44)
20... d5 21. Re1 Qc6 22. Nf5 {with initiative.}) 20. Ng3 Qg6 21. Rd6 $1 {
Blocking the pawn on d7 and preparing Bb2xf6.} Nc6 22. Bb2 Rae8 23. Bxf6 gxf6
24. Nh5 Re6 25. Rxd7 {The weakened kingside makes Black´s defensive task very
difficult.} Re5 26. Nf4 Qf5 27. Nd5 $1 {[%cal Gb4b5]} Kh8 $2 {Leaving
unprotected the rook on f8.} (27... Kg7 $142) 28. Ne3 $1 ({White decided to
activate another rook instead of winning a pawn by} 28. Rd6 Rg8 (28... Re6 $2
29. Nc7 $1 $18) 29. Ne3 (29. Nxf6 Rg6 30. Rxc6 Rxf6 31. Rc7 a5 $16) 29... Qe4
30. Rxf6 Reg5 31. Qf3 Qxf3 32. Rxf3 Ne5 33. Rf4 $16) 28... Qe4 29. Qd6 Kg7 30.
Rc1 Re6 31. Qd1 Kh8 $6 ({More tenacious was} 31... Rfe8 32. b5 Ne5 33. Rxa7 Nc4
$5 34. Nf1 (34. Rc3 Nxe3 35. Rxe3 Qc4) 34... Nd6) 32. Rc4 Qe5 33. Rd5 Qb2 34.
Rh4 {[%cal Gh4h7]} Ne5 $2 {Loses immediately.} ({The only possibility to
prolong the resistance was} 34... f5 35. Rxf5 Rd8 36. Qh5 Qc1+ 37. Nf1 h6 38.
Rg5 $1 {[%cal Gh5h6]} Rdd6 39. f4 Rg6 40. Rxg6 Rxg6) 35. Rd2 Qc3 36. Qh5 1-0

[Event "FIDE World Cup"]
[Site "Khanty-Mansiysk"]
[Date "2005.12.02"]
[Round "2.3"]
[White "Khalifman, Alexander"]
[Black "Shulman, Yuri"]
[Result "1-0"]
[WhiteElo "2653"]
[BlackElo "2565"]
[Annotator "Psakhis,L"]
[PlyCount "67"]
[EventDate "2005.11.27"]
[EventType "k.o."]
[EventRounds "7"]
[EventCountry "RUS"]
[SourceTitle "CBM 111"]
[Source "ChessBase"]
[SourceDate "2006.04.04"]
[SourceVersion "1"]
[SourceVersionDate "2006.04.04"]
[SourceQuality "1"]

1. e4 e6 2. d4 d5 3. Nc3 Bb4 4. e5 c5 5. a3 Bxc3+ 6. bxc3 Qa5 {This move does
not have a great reputation, but it is certainly better than it seems.} 7. Bd2
Qa4 8. h4 Nc6 9. Nf3 (9. Qg4 $5) 9... Nge7 10. h5 h6 11. Rh4 {[%cal Gd4c5] A
standard move for this variation. White threats now to take on c5 and Black is
almost forced to close the game in the centre.} (11. Rb1 Qxa3 12. Ra1 Qb2 13.
Rb1 Qa3 14. Ra1 Qb2 15. dxc5 a5 16. Rh4 a4 17. Rhxa4 Rxa4 18. Rxa4 O-O 19. Bd3
f6 20. exf6 Rxf6 21. Nd4 e5 22. Nb5 e4 {1-0 Wang Zili (2557)-Hoang Thanh Trang
(2445)/Asian-ch Calcutta 2001/CBM 85/[Hecht] (53)}) (11. Qb1 c4 12. g3 (12. g4
Bd7 13. Nh4 O-O-O 14. Qb2 Rdg8 15. Bh3 g6 16. hxg6 fxg6 17. O-O-O g5 18. Ng2
Be8 19. f4 Bg6 20. Rhf1 Be4 21. Rde1 Nd8 {1/2-1/2 Yurtaev,L (2540)-Nikolic,P 
(2640)/Elista ol 1998/ChessBase (67)}) 12... Bd7 13. Bh3 O-O-O 14. O-O Rdf8 (
14... Nf5 15. Qc1 Rdf8 16. Ne1 Qa5 17. Ng2 Qc7 18. a4 Nfe7 19. Nf4 Nd8 20. Qa3
Nec6 21. a5 Rfg8 22. Rfe1 Re8 23. a6 {Matsuura,E-Burgos,M/Sao Paulo Copa Itau
2003/ChessBase/1-0 (38)}) (14... Kb8 15. Qc1 Rdg8 16. Kh2 Qa5 17. a4 Qd8 18.
Qe1 Nf5 19. g4 Nh4 20. Nxh4 Qxh4 21. f4 Qd8 22. f5 Qe8 {1-0 Iordachescu,
V-Luciani,V/Nereto op 1999/ (39)}) 15. Nh4 g5 $1 16. Ng2 f5 17. exf6 Rxf6 18.
Ne3 Rf7 19. Re1 Ng8 $1 20. Ng4 Nf6 21. Nxf6 Rxf6 22. Re2 Rhf8 23. Bg4 Nd8 $11 {
Sadvakasov,D (2555)-Pogorelov,R (2460)/Moscow 0-1}) 11... c4 $5 12. Rf4 Bd7 13.
Nh4 (13. Be3 Rf8 (13... O-O-O $5 14. Rxf7 $140 Be8 15. Rxg7 Nf5 16. Rg4 Bxh5
17. Rf4 Nce7 $13) 14. Kd2 O-O-O 15. Nh4 Nf5 16. Nxf5 exf5 17. g4 fxg4 18. Rxg4
Rg8 19. Rg1 Bf5 20. Ra2 Qa5 21. Qf3 Be6 22. Bh3 Rdf8 23. Raa1 Qc7 24. Rg3 Ne7
25. Rag1 Qd7 26. Bf1 Bf5 27. Qf4 g5 {Khalifman,A (2653)-Shulman,Y (2565)/WCC
Khanty Mansyisk 2005/ 1/2-1/2 (63)}) 13... Nf5 $1 $146 {An improvement
compared to} (13... g5 $6 14. hxg6 fxg6 15. Rf6 O-O-O 16. Nxg6 Nxg6 17. Rxg6
Ne7 18. Rxh6 Rxh6 19. Bxh6 Rh8 20. Bg5 Ng6 21. Bf6 Rh1 22. Kd2 $16 {Stripunsky,
A-Gavrjushin,O/Moscow op-11 1995/ChessBase/1-0 (38)}) 14. Nxf5 exf5 {[%cal
Gd7e6,Gc6e7]} 15. g4 fxg4 16. Be2 Nd8 $1 {[%cal Ce2g4,Gd8e6]} (16... g5 $6 17.
hxg6 (17. Rf6 $5) 17... fxg6 18. Bxg4 Bxg4 19. Qxg4 Ne7 20. Qe6 $36) (16... Be6
17. Bxg4 Nd8) 17. Bxg4 Ne6 (17... Be6 $5 {[%cal Ga4d7] looks not bad either.})
18. Rf3 Ng5 19. Rg3 (19. Bxg5 $2 Bxg4) ({Black has nothing to worry about after
} 19. Bxd7+ Qxd7 20. Bxg5 hxg5 {[%csl Rh5]}) 19... O-O-O (19... Ne4 20. Rg1 (
20. Bxd7+ Qxd7 21. Rxg7 Qh3 $44) 20... O-O-O 21. Bxd7+ Qxd7 22. Qg4 $1 {
with chances for a small advantage in endgame.}) 20. Bxg5 hxg5 21. Kd2 (21.
Bxd7+ Qxd7 22. Rxg5 f6 $44 {[%csl Re1]}) 21... f5 $5 (21... Kb8 22. Qf3) 22.
Bf3 $8 (22. exf6 gxf6 $36) 22... g4 23. Bxd5 Qb5 $2 {It is hard to provide any
ultimate conclusions in such a complex position, but the move in the game just
helps White to improve the coordination between his pieces.} ({Black could get
have received a nice position after} 23... Bc6 $5 24. Be6+ (24. Bxc6 Qxc6 $44)
24... Bd7 $132) ({or} 23... Rxh5 $5 24. Qe2 Bb5 $132) 24. Qh1 $1 {[%cal Cd7e8,
Cd8d5,Ra1b1]} b6 $6 (24... Bc6 $142 $5 25. Bxc6 bxc6 $14) 25. Rb1 Qa5 26. Bxc4
f4 (26... Be8 $5 {[%cal Rd8d4,Gh8h5]}) 27. Rgg1 Ba4 {Obviously overlooking
White's next move. More tenacious was} (27... f3 $5) 28. Rb4 $1 (28. Rxg4 $2
Rxd4+ 29. Kc1 Rxc4 30. Qa8+ Kc7 31. Rxg7+ Bd7 32. Qxh8 Qxa3+ 33. Kd1 Qxc3 $132)
28... Kb8 29. Rxg4 $18 Rd7 30. Qe4 Rhd8 31. e6 Rc7 32. Qxf4 Kb7 33. Rg5 b5 34.
Rgxb5+ 1-0

[Event "RUS-ch Superfinal"]
[Site "Moscow"]
[Date "2005.12.19"]
[Round "1"]
[White "Khalifman, Alexander"]
[Black "Volkov, Sergey"]
[Result "1/2-1/2"]
[WhiteElo "2653"]
[BlackElo "2614"]
[Annotator "Huebner,R"]
[PlyCount "84"]
[EventDate "2005.12.19"]
[EventType "tourn"]
[EventRounds "11"]
[EventCountry "RUS"]
[EventCategory "17"]
[SourceTitle "CBM 111"]
[Source "ChessBase"]
[SourceDate "2006.04.04"]
[SourceVersion "1"]
[SourceVersionDate "2006.04.04"]
[SourceQuality "1"]

1. d4 d5 2. c4 c6 3. Nf3 Nf6 4. Nc3 a6 5. g3 b5 6. c5 g6 7. Bg2 Bg7 8. O-O O-O
9. h3 {Dies ist ein neuer Zug; Weiß bereitet Lc1-e3 vor. Besonders wirksam
sieht dieses Manöver nicht aus, aber mit dem bisher gespielten Sf3-e5 erreicht
Weiß ebenfalls nicht viel:} (9. Ne5 Be6 10. h3 Qc8 11. Kh2 Ne4 (11... Nfd7 12.
Nf3 Nf6 13. Ne5 Nfd7 14. f4 f5 15. Be3 $14 {1-0 Sakaev,K-Najer,E/Istanbul 2003/
CBM 096 (65). (64)}) 12. Nxe4 dxe4 13. Bxe4 Rd8 14. f4 Bxh3 15. Rh1 (15. Rf2
Be6 16. e3 f5 17. Bf3 Bd5 $11 {1-0 Goldin,A-Bologan,V/New York 1993/TD (64). 
(63)}) 15... Bf5 16. Qd3 Bxe4 17. Qxe4 Qe6 18. g4 f6 19. f5 Qd5 20. Qxd5+ Rxd5
21. Nf3 gxf5 22. gxf5 Rxf5 23. Kg2 Rd5 24. e4 Rd8 25. Be3 $11 {0-1 Ulibin,
M-Voiska,M/Heraklio 1993/TD (39). (39)}) 9... Nbd7 10. Be3 b4 11. Nb1 a5 12. a3
Ba6 13. axb4 axb4 14. Ra4 {Weiß entschließt sich für ein sehr direktes
Vorgehen, und ich sehe in der Tat nicht, wie er auf andere Weise etwas
erreichen könnte.} Bb5 15. Rxb4 Qa5 16. Bd2 Ne4 17. Re1 Nxd2 18. Qxd2 e5 19.
Na3 Ba6 20. Nc2 Qc7 $6 ({Die Fortsetzung} 20... e4 21. Rb8 Qc7 (21... Qxd2 22.
Rxf8+ Kxf8 23. Nxd2 {überläßt dem Weißen Vorteil. Es ist für Schwarz wichtig,
die Damen auf dem Brett zu behalten, um Angriffsmöglichkeiten am Königsflügel
zu haben.}) 22. Rxa8 Rxa8 23. Nh2 {ergibt eine ähnliche Stellung wie die
Partiefolge, nimmt dem Weißen aber die im folgenden angegebene Möglichkeit.})
21. Rc1 $6 (21. Nxe5 Nxe5 (21... Bxe5 22. dxe5 Nxc5 23. Nd4 {sieht auch
unbequem für Schwarz aus.}) 22. dxe5 {lohnte einen Versuch.}) 21... e4 22. Nh2
f5 {meines Erachtens verfügt Schwarz über genügend Gegenspiel für den
geopferten Bauern.} 23. Ra4 Bb5 24. Rxa8 Rxa8 25. Bf1 Nf8 26. e3 Bxf1 27. Nxf1
Ne6 28. h4 h6 29. Ra1 Rb8 30. Ne1 g5 31. Ng2 Bf6 {Dieser Zug ist nicht nötig.
Schwarz hat zwei andere Fortsetzungen, die zu gutem Spiel führen:} (31... Qb7)
(31... f4 32. gxf4 gxf4 33. Nxf4 Nxf4 34. exf4 Rf8) 32. hxg5 hxg5 33. Ra6 f4 (
33... Kf7 {kommt in Betracht, wenn Schwarz auf Gewinn spielen will.}) 34. gxf4
{Wenn Weiß f4-f3 zuläßt, gerät sein König in allzu große Gefahr. Jetzt
entsteht eine Stellung, in der Weiß über gutes Gegenspiel verfügt, weil auch
der König des Schwarzen unsicher zu stehen kommt.} gxf4 35. Nxf4 Nxf4 36. exf4
Qg7+ 37. Kh1 Bxd4 38. b4 Qb7 ({Die Fortsetzung} 38... Bc3 39. Qe3 Qh6+ 40. Kg2
Bxb4 41. Ng3 {führt ebenfalls zu einer etwa ausgeglichenen Stellung.}) 39. Qe2
{Eine andere Ausgleichsfortsetzung besteht in} (39. Rxc6 Qxc6 40. Qxd4 Qh6+ 41.
Kg2 Qg7+ 42. Qxg7+ Kxg7 43. Ne3 d4 44. Nf5+ Kf6 45. Nxd4 Rxb4 46. Nc2 Rc4 47.
Ne3 Rxc5 48. f3) 39... Bxf2 (39... Qc8 40. Ra3 Rxb4 41. Rg3+ Kf8 42. Qh5 {
gefolgt von Sf1-e3 hat Weiß nicht zu fürchten.}) 40. Kg2 Bd4 41. Ng3 Qc8 42.
Qh5 Qxa6 1/2-1/2

[Event "RUS-ch Superfinal"]
[Site "Moscow"]
[Date "2005.12.20"]
[Round "2"]
[White "Zvjaginsev, Vadim"]
[Black "Khalifman, Alexander"]
[Result "1-0"]
[WhiteElo "2659"]
[BlackElo "2653"]
[Annotator "Babula,V"]
[PlyCount "73"]
[EventDate "2005.12.19"]
[EventType "tourn"]
[EventRounds "11"]
[EventCountry "RUS"]
[EventCategory "17"]
[SourceTitle "CBM 111"]
[Source "ChessBase"]
[SourceDate "2006.04.04"]
[SourceVersion "1"]
[SourceVersionDate "2006.04.04"]
[SourceQuality "1"]

1. e4 c5 2. Na3 $5 {[%mdl 8] Incredible in the highest level, a novelty
already on the 2-nd move! In fact, the move is not new, but before it was
played by weaker players only. Objectively, 2.Na3 can't be better than other
common options, most probably it is even weaker. Its drawbacks are clear,
White doesn't fight for the centre, the knight is slightly misplaced on a3.
But it has also advantages, White keeps the possibility to play c2-c3, the Na3
can find a good square on c4 or White can transfer it via the c2 square (after
c2-c3). But the main plus of the move is, that an opponent is surprised, he
can forget about his preparation and has to think from the very beginning.
What could be very unpleasant, mainly in the current chess world full of huge
opening's theory.} (2. Nf3 Nc6 3. Bb5 g6 4. O-O Bg7 5. c3 Qb6 6. Na3 a6 7. Bxc6
Qxc6) 2... Nc6 {Of course, Black has many other options, he can play almost
everything. But a so wide choice could be often rather a disadvantage than an
advantage!} (2... e6 {1/2-1/2 Zvjaginsev,V-Dreev,A/Moscow 2005/CBM 111 (55)})
3. Bb5 (3. c3 $6 Nf6) 3... Qc7 {Black prevents the creation of doubled pawns.}
({The critical position for the evaluation of} 3... Nd4 {arises after} 4. Ba4
$5 (4. Bc4) 4... Qa5 (4... g6 $6 5. c3 $14) 5. c3 b5 $13) (3... g6 {1/2-1/2
Zvjaginsev,V-Motylev,A/Moscow 2005/CBM 111 (35)}) 4. Nf3 g6 (4... Nf6 $5) 5. c3
a6 $6 {Black neglects the development.} ({After} 5... Nf6 {looks promising the
pawn sacrifice} 6. O-O $5 Nxe4 7. Re1 $44) 6. Bxc6 Qxc6 7. O-O Bg7 {This
position is not new, it arises after the move order shown in the line to move
2.} ({Surely bad is} 7... Qxe4 $2 8. d4 $36 cxd4 $140 9. Nc4 {[%cal Yc4d6,
Yf1e1]}) 8. d4 $5 {More energetic than} (8. Re1) 8... d6 ({The alternative is
to accept the pawn sacrifice} 8... cxd4 9. cxd4 Qxe4 10. Re1 Qd5 11. Bg5 $44 {
1-0 Kargin,A-Bogomolov,A/Novokuznetsk 2001/CBM 085 ext (33)}) 9. d5 {The most
logical continuation.} ({It was played also} 9. e5) ({and} 9. Re1) 9... Qc7 10.
h3 $6 {[%csl Gg4] The useless prophylaxis costs time and it allows Black to
finish his deployment.} ({Energetic} 10. Bf4 $1 $14 {with intention to realize
the e4-e5 break gives White the opening's advantage, for example} Bg4 (10...
Nf6 $6 11. e5) 11. Re1 $1) 10... Nf6 11. Bf4 O-O (11... Nxe4 $4 12. Qa4+ $18)
12. Re1 {White's next plan is to realize the e4-e5 advance in favourable
circumstances.} (12. e5 Nh5 (12... dxe5 13. Bxe5 Qd8 14. c4 b5 $11) 13. exd6
exd6 $11) 12... b5 $11 {[%csl Ra3] פa3 Now it is obvious, that the Na3 is
misplaced.} 13. Qd2 (13. e5 Nd7 $11) 13... Bb7 {[%cal Ye7e6] And Black's plan
is to realize the e7-e6 advance and to open the position for his pair of
bishops.} 14. Rad1 (14. Bh6 e6 $1) 14... Rfe8 15. c4 Qb6 ({The principal
continuation is} 15... e6 $5 {Complications in the centre looks better for
White, for example} 16. dxe6 $140 $6 (16. e5 $6 dxe5 17. d6 (17. Bxe5 Qb6 $15)
17... Qc6 18. Bxe5 b4 $15) 16... Nxe4 $15 17. Rxe4 Bxe4 18. Ng5 Rxe6 19. Nxe6
fxe6 {^^}) 16. Bh6 (16. e5 dxe5 17. Bxe5 Rad8 $11) 16... Bh8 17. b3 {It allows
Black to realize the e7-e6 advance.} (17. Ng5 $5 $13) 17... e6 $5 18. Ng5 (18.
dxe6 $2 Rxe6 $17) 18... exd5 19. cxd5 $6 {Now Black gets the advantage.} ({
Correct is the other capture} 19. exd5 $142 bxc4 20. Nxc4 $1 (20. bxc4 $6 Qb4
$1 $15) 20... Qc7 {[%csl Rd5] ><d5} 21. Qf4 $1 $11 {and in spite of the d5
weakness White keeps the balance, for example} Rxe1+ 22. Rxe1 Rd8 23. Ne4 $1
Nxd5 24. Qg3 {[%csl Rd6] ><d6}) 19... Re7 20. Re3 Rae8 $15 {Black has the
strong pressure on the e-file against White's centre.} 21. Rde1 a5 22. Nb1 b4 {
It weakens the c4 square.} (22... Nd7 $5) 23. Qc2 {[%cal Yb1d2,Yd2c4]} Nd7 (
23... Nh5 $6 24. g4) 24. Nd2 Ba6 25. Ngf3 {[%csl Gd4,Ge5] White takes the
important e5 (and also d4) square under control.} (25. Nc4 Bxc4 26. Qxc4 (26.
bxc4 Bd4 $15) 26... Bd4 $1 27. Rg3 $15 (27. R3e2 $4 Bc3 $1 $19 {[%csl Rc4]
[%cal Yd7e5]})) 25... Ne5 $6 {An inaccuracy losing the advantage.} ({It is not
good neither} 25... Bc3 $6 26. Rxc3 $5 bxc3 27. Qxc3 f6 $44) ({nor} 25... a4 $6
26. Bg5 (26. bxa4 $6 c4 27. Nxc4 Qc5 28. Rc1 Rc8)) ({Correct is paradoxical} 
25... Bd4 $142 $1 {Black exchanges his strong dark-squared bishop, but he
gains the passed pawn d4, the square c5 for the knight and the most important
fact is that White is forced to disconnect his rooks and so Black strengthens
the pressure against the e4 pawn.} 26. Nxd4 cxd4 27. Rg3 f5 $5 $15 28. Bg5 Re5)
26. Bg5 Nxf3+ $6 {Another step in the wrong direction, Black frees the
important square e5.} (26... Rc7 $142 {[%cal Yc5c4]} 27. Nxe5 Bxe5 28. Nc4 Bxc4
29. Qxc4 $11 a4 $5) 27. Nxf3 Rd7 {Black believes that the advance e4-e45 is
not possible.} ({More circumspect is} 27... f6 $5 $14) 28. e5 $1 {[%mdl 64]
But yet!} dxe5 29. Nxe5 Rxd5 30. Nxf7 $1 {The point.} (30. Nc4 $4 Rxe3) 30...
Rxe3 31. Rxe3 $6 {Most probably White wanted to surprise his opponent being in
time-trouble.} ({After} 31. Nh6+ $142 Kf8 32. Bxe3 $40 {Black has worries with
his weak king.}) 31... Kxf7 {It is not a mistake, but it requires precision
from Black.} ({More safer way is} 31... Bf6 $5 $11 {and White has nothing, for
example} 32. Bxf6 Qxf6 33. Nh6+ Kg7 34. Ng4 Qd6 35. Qb2+ Rd4) 32. Re7+ Kf8 (
32... Kg8 33. Re8+ Kf7 (33... Kg7 $2 34. Qe4 $18 Qd6 35. Bf4) 34. Rxh8 (34.
Re7+ $11) 34... Rxg5 35. Qe4 {looks very dangerous, but in fact White has only
a draw after} Rf5 $11) 33. Qe4 Rd1+ $4 {A blunder losing the game. Black opens
the long white diagonal and White's queen has an access to the a8 square.} ({
After correct} 33... Qd6 $142 $1 34. Bh6+ (34. f4 $4 Rxg5 $19) 34... Bg7 $1 (
34... Kg8 $2 35. Re8+ Kf7 36. Rf8+ Qxf8 37. Qxd5+ $18) 35. Bxg7+ Kg8 {Black
holds the game, for example} 36. f4 Bb5 37. Bh6 Bc6 38. Rg7+ (38. Qe6+ Qxe6 39.
Rxe6 Rd1+ 40. Kh2 Bd5 $11 {[%csl Rg2] ><g2} 41. Rf6 Bf7 42. Rc6 Bd5) 38... Kh8
39. Re7 Kg8 $11) 34. Kh2 $18 Qd6+ 35. f4 {Now Black can't escape.} Bf6 36. Bh6+
Kg8 37. Qa8+ (37. Qa8+ Qd8 38. Re8+) 1-0